| 000 | 00313nam a2200109Ia 4500 | ||
|---|---|---|---|
| 008 | 230907s9999||||xx |||||||||||||| ||und|| | ||
| 082 |
_a428.0076 _bOFF |
||
| 245 | 0 | _aOfficial TOEFL iBT tests. | |
| 300 | _a462 pages : | ||
| 650 |
_aStudy guides. Textbooks for foreign speakers. Study guides. _9115615 |
||
| 942 | _cBK | ||
| 999 |
_c598961 _d598961 |
||